000 00476nam a2200181Ia 4500
001 4837
005 20260306145824.0
008 260306t2004||||xx |||||||||||||| ||spa||
041 _aESP
082 _a330.9
_bS29A
100 _aSchwalb, María Matilde
_eAUT
245 0 _aInstrumentos y normas para evaluar y medir la responsabilidad social empresarial
260 _c2004
300 _a105 páginas :
_ccm.
650 _aGEN
654 _aCAN
942 _cLIB
_dJUS
_fJUS
_2ddc
_n
999 _c4837
_d4837